00672nam a2200157Ia 4500008004100000024004400041082001900085100005500104245003600159260002500195600002700220650003300247856010700280952011000387999001700497250506s9999 xx 000 0 und d a08B-114-EE, 08B-116-EE & 08B-147-EE a629.895072 AAY aAayat Imam mansoori, Sarah Imam & Syed Imad Mateen 0aOverall Equipment Effectiveness aKarachi:bUIT,c2008 aElectronic Engineering aBachelor of Engineering (BE) uhttps://drive.google.com/file/d/1SdOw4h2aGdhtwwihCma8e7ookeAny_j7/view?usp=sharingyClick Here for PDF 001040708PR-EEaUITUbUITUd2022-07-26l0o629.895072 AAYpEE-201r2025-05-06 11:34:13w2025-05-06yPR c27953d27953